[Event "Mittelrhein Verbandsliga-W 1112"]
[Site "Germany"]
[Date "2011.12.11"]
[Round "4.8"]
[White "Titz, Franz Josef"]
[Black "Winkowski, Stefan"]
[Result "1-0"]
[WhiteElo "1800"]
[BlackElo "1691"]
[PlyCount "55"]
[EventDate "2011.09.18"]
[EventType "team-tourn"]
[EventRounds "11"]
[EventCountry "GER"]
[SourceTitle "EXT 2013"]
[Source "ChessBase"]
[SourceDate "2012.11.22"]
[SourceVersion "1"]
[SourceVersionDate "2012.11.22"]
[SourceQuality "1"]
[WhiteTeam "Lendersdorf"]
[BlackTeam "Uebach Palenberg"]
[WhiteTeamCountry "GER"]
[BlackTeamCountry "GER"]

1. e4 c6 2. d4 d5 3. c4 dxe4 4. Nc3 Nf6 5. f3 exf3 6. Nxf3 Bg4 7. Be2 e6 8. 0-0 Nbd7 9. Bf4 Qb6 10. Qd2 Bb4 11. a3 Bxc3 12. bxc3 0-0-0 13. Rab1 Qa5 14. Bd6 Ne4 15. Qf4 Nxd6 16. Qxd6 Nf6 17. h3 Qxc3 18. Qf4 Bf5 19. Rxb7 Ne4 20. Kh2 Qxa3 21. g4 Qa2 22. Qe3 Bg6 23. Ne5 Qd2 24. Qxd2 Nxd2 25. Rd1 Ne4 26. Bf3 Nd6 27. Rd7 Be4 28. Rxd6 1-0